| 000 | 00839nam a2200253 a 4500 | ||
|---|---|---|---|
| 005 | 20220216063401.0 | ||
| 008 | 081006s1994 mx r 000 0 spa d | ||
| 020 | _a0827031742 | ||
| 035 | _aUPN01000162470 | ||
| 049 | _aUNE | ||
| 080 | _a970/980 "1994" ENS No.29. | ||
| 245 | 0 | 0 |
_aEnseñanza de la historia / _ccomp. por Josefina Zoraida Vázquez, Pilar Gonzalbo Aizpuru. |
| 260 |
_aWashington, D.C. : _bOEA, _c1994. |
||
| 300 | _ax, 242 p. | ||
| 440 | 0 |
_aINTERAMER ; _v29 |
|
| 500 | _aIncluye bibliografía | ||
| 690 | _aEnseñanza de la historia - América Latina | ||
| 690 | _aHistoria - América Latina | ||
| 690 | _aAmérica Latina - Historia | ||
| 700 | 1 |
_aVázquez, Josefina Zoraida _ecomp. _929473 |
|
| 700 | 1 |
_aGonzalbo Aizpuru, Pilar, _ecomp. |
|
| 710 | 2 | _aOrganización de los Estados Americanos | |
| 905 | _aUNESCO | ||
| 999 |
_c134583 _d134583 |
||